Click the African Country on a Borderless Map - Sudden Death - Statistics

General Stats
  • This quiz has been taken 23,783 times
  • The average score is 16 of 54
Answers on the Map
Answers color-coded by a green-red scale on the quiz's map according to % correct below.
 
Answer Stats
Answer % Correct
Egypt
44%
Madagascar
44%
Morocco
43%
South Africa
43%
Libya
41%
Somalia
41%
Algeria
40%
Tunisia
40%
Cape Verde
39%
Ethiopia
39%
Mozambique
39%
São Tomé and
Príncipe
39%
Namibia
38%
Sudan
38%
Seychelles
36%
Angola
35%
Comoros
34%
Mauritius
34%
Nigeria
34%
Kenya
33%
Tanzania
33%
Botswana
32%
Mauritania
32%
Congo (Dem. Rep.)
31%
Eritrea
31%
Chad
30%
Djibouti
30%
Lesotho
30%
Cameroon
29%
Malawi
29%
Mali
29%
Niger
29%
Eswatini
28%
South Sudan
28%
Senegal
27%
Uganda
26%
Central African
Republic
25%
Zimbabwe
25%
Zambia
24%
Benin
23%
Gabon
23%
Ivory Coast
23%
Rwanda
23%
Burkina Faso
22%
Burundi
22%
Congo (Rep. of)
22%
Gambia
22%
Equatorial Guinea
21%
Ghana
21%
Guinea
21%
Togo
21%
Guinea-Bissau
20%
Liberia
20%
Sierra Leone
19%
No matching quizzes found
Score Distribution
Percent of People with Each Score
Percentile by Number Answered
Your Score History
You have not taken this quiz